Statistics for Countries of Melanesia

Click here to take the quiz!

General Stats

  • This quiz has been taken 30 times
  • The average score is 5 of 5

Answer Stats

Country% Correct
Fiji
100%
Solomon Islands
100%
Vanuatu
100%
Papua New Guinea
93%
Indonesia
72%

Score Distribution

Percentile by Number Answered

Percent of People with Each Score

Your Score History

You have not taken this quiz